| 000 | 00379nam a22001337a 4500 | ||
|---|---|---|---|
| 082 |
_a608 _bKUM _cL-01, P-49 |
||
| 100 |
_aKumar Dhanesh _946851 |
||
| 245 |
_aThe book of inventions, discoveries first _cKumar Dhanesh |
||
| 260 |
_aIndia _bBook palace _c1991 |
||
| 300 |
_a172 p. _bill. _c23 cm |
||
| 526 |
_a0 _b0 _c0 _d608_000000000000000_KUM |
||
| 650 |
_aMCE _9379 |
||
| 942 |
_2ddc _cBK |
||
| 999 |
_c550101 _d550101 |
||